La reorganización transversal del Perú / (Record no. 1421)

000 -CABECERA
fixed length control field 00677nam a22001817a 4500
003 - IDENTIFICADOR DEL NÚMERO DE CONTROL
control field AR-CdUCM
008 - DATOS DE LONGITUD FIJA--INFORMACIÓN GENERAL
fixed length control field 190227b ||||| |||| 00| 0 spa d
040 ## - FUENTE DE LA CATALOGACIÓN
Agencia/entidad que catalogó originalmente la obra MUNICIPALIDAD PROVINCIAL DEL CUSCO
Entidad que transcribió la catalogación BIBLIOTECA MUNICIPAL DEL CUSCO
082 ## - NÚMERO DE LA CLASIFICACIÓN DECIMAL DEWEY
No. de Clasificación 918.5 /
Notacion interna P95
100 ## - ENTRADA PRINCIPAL--NOMBRE DE PERSONA
Nombre Personal Pulgar Vidal, Javier
245 ## - MENCIÓN DE TÍTULO
Título La reorganización transversal del Perú /
260 ## - PUBLICACIÓN, DISTRIBUCIÓN, ETC.
Lugar de publicación, distribución, etc. Lima :
Nombre de la editorial, distribuidor, etc. UAP ,
Fecha de publicación, distribución, etc. 2006.
300 ## - DESCRIPCIÓN FÍSICA
Nº de Páginas Extensión 66 páginas ;
Otros detalles físicos imágenes.
Dimensiones 22 cm.
505 ## - NOTA DE CONTENIDO CON FORMATO
Nota de contenido formateada Fundamento geográfico -- Fundamento Ecológico -- El fundamento prehistórico y arqueológico -- Fundamento historico..
650 ## - PUNTO DE ACCESO ADICIONAL DE MATERIA--TÉRMINO DE MATERIA
Descriptor Racionalización transversal.
9 (RLIN) 5395
942 ## - ELEMENTOS DE PUNTO DE ACCESO ADICIONAL (KOHA)
Fuente de clasificación
Tipo de item Libros-BMC
945 ## - PROCESAMIENTO DE INFORMACIÓN LOCAL (OCLC)
Catalogador wfj
AAAA-MM-DD - Fecha de ingreso o modificacion 2019-02-27
Holdings
Estado de retiro (separado) Fuente de clasificación o esquema de estanterías Estado dañado Ubicación Sala donde se ubica Nombre de la colección Fecha de adquisición o compra Costo, precio normal en soles Signatura topográfica Código de Barras Última vez visto (Koha) Tipo de ítem (Koha)
No     Sala Humanidades Sala Humanidades Book Cart 2019-02-27 15.00 918.5 / P95 SH0000001639 2019-02-27 Libros-BMC

Powered by Koha